[Event "Wch U20 Girls 37th"]
[Site "New Delhi"]
[Date "2019.10.24"]
[Round "10"]
[White "Abdala Cancino, Patricia Anastassia"]
[Black "Yaakub, Nov Genevia Pslam"]
[Result "1-0"]
[WhiteElo "1608"]
[BlackElo "1316"]
[PlyCount "97"]
[EventDate "2019.10.15"]
[EventType "swiss"]
[EventRounds "11"]
[EventCountry "IND"]
[SourceTitle "CBM 192 Extra"]
[Source "Chessbase"]
[SourceDate "2019.11.06"]
[SourceVersion "1"]
[SourceVersionDate "2019.11.06"]
[SourceQuality "1"]

1. e4 e5 2. Nf3 Nc6 3. d4 exd4 4. Bc4 h6 5. 0-0 d6 6. Nxd4 Ne5 7. Bb3 Nf6 8. f4 Ng6 9. Re1 Be7 10. e5 dxe5 11. fxe5 Nd5 12. e6 fxe6 13. Nxe6 Bxe6 14. Rxe6 Ngf4 15. Re4 c6 16. c4 Qb6+ 17. Kh1 Qf2 18. Qg1 Nd3 19. cxd5 cxd5 20. Rxe7+ Kxe7 21. Nc3 Qxg1+ 22. Kxg1 d4 23. Nd5+ Kd6 24. Bd2 a5 25. Nb6 Ra6 26. Nc4+ Kc7 27. Bxa5+ Kc6 28. Bd2 Re8 29. Bc2 Nc5 30. b4 Ne4 31. Be1 b5 32. Na5+ Kc7 33. Bd3 Rb6 34. Rc1+ Kd7 35. Nb3 Nf6 36. Nxd4 Re5 37. Bxb5+ Rbxb5 38. Nxb5 Rxb5 39. a4 Rb7 40. b5 Nd5 41. Rc5 Kd6 42. Rc6+ Kd7 43. Rg6 Kc8 44. Rc6+ Kd7 45. Bg3 Ke8 46. Re6+ Kf7 47. Rc6 Ke8 48. Rc5 Rd7 49. a5 1-0

[Event "Wch U20 Girls 37th"]
[Site "New Delhi"]
[Date "2019.10.21"]
[Round "7"]
[White "Yaakub, Nov Genevia Pslam"]
[Black "Djuric, Anja"]
[Result "0-1"]
[WhiteElo "1316"]
[BlackElo "1493"]
[PlyCount "154"]
[EventDate "2019.10.15"]
[EventType "swiss"]
[EventRounds "11"]
[EventCountry "IND"]
[SourceTitle "CBM 192 Extra"]
[Source "Chessbase"]
[SourceDate "2019.11.06"]
[SourceVersion "1"]
[SourceVersionDate "2019.11.06"]
[SourceQuality "1"]

1. e4 d6 2. Nf3 Nf6 3. Nc3 Bg4 4. h3 Bh5 5. Be2 e5 6. d4 Nc6 7. Be3 Bxf3 8. Bxf3 exd4 9. Bxd4 Nxd4 10. Qxd4 Be7 11. 0-0 0-0 12. Rad1 Nd7 13. Rfe1 Ne5 14. Be2 Bf6 15. Qe3 Nc6 16. Kh1 Nb4 17. Qd2 b6 18. a3 Nc6 19. f4 Nd4 20. Bd3 Re8 21. Ne2 Nxe2 22. Rxe2 Bxb2 23. Qb4 Bf6 24. e5 Bh4 25. f5 Rxe5 26. Rxe5 dxe5 27. Qe4 Bf6 28. Be2 Qf8 29. Qc6 Rd8 30. Rxd8 Qxd8 31. Bd3 h6 32. a4 a5 33. Qe4 c5 34. Qc6 Kh7 35. Qe4 Kg8 36. Qc6 Bg5 37. Qe4 Kf8 38. Qxe5 Bf6 39. Qe4 Bd4 40. Qc6 Be5 41. Qe4 Bc7 42. Qc6 Kg8 43. Qe4 f6 44. Qc4+ Kh7 45. Qg4 Qe7 46. Qe2 Qd6 47. Kg1 Qd4+ 48. Kh1 Qa1+ 49. Qf1 Qxa4 50. Qf3 Qa1+ 51. Bf1 Qe5 52. Kg1 Qf4 53. Qh5 Qg5 54. Qf3 a4 55. Bb5 Qc1+ 56. Bf1 a3 57. Qg4 Qe3+ 58. Kh1 Qg3 59. Qxg3 Bxg3 60. Bc4 b5 61. Ba2 h5 62. Kg1 Kh6 63. Kf1 Kg5 64. Ke2 Kxf5 65. Kd3 Kf4 66. Ke2 Ke4 67. Kd2 Bf4+ 68. Kc3 b4+ 69. Kc4 Bd6 70. c3 Ke3 71. cxb4 cxb4 72. Kb3 Kf2 73. g4 hxg4 74. hxg4 Kg3 75. Bb1 Kxg4 76. Bd3 g5 77. Be2+ Kf4 0-1

[Event "Wch U20 Girls 37th"]
[Site "New Delhi"]
[Date "2019.10.17"]
[Round "4"]
[White "Yaakub, Nov Genevia Pslam"]
[Black "Lohani, Sujana"]
[Result "0-1"]
[WhiteElo "1316"]
[BlackElo "1671"]
[PlyCount "86"]
[EventDate "2019.10.15"]
[EventType "swiss"]
[EventRounds "11"]
[EventCountry "IND"]
[SourceTitle "CBM 192 Extra"]
[Source "Chessbase"]
[SourceDate "2019.11.06"]
[SourceVersion "1"]
[SourceVersionDate "2019.11.06"]
[SourceQuality "1"]

1. e4 d6 2. Nf3 Nf6 3. Nc3 g6 4. Bc4 Bg7 5. d3 0-0 6. h3 c5 7. 0-0 Nc6 8. d4 cxd4 9. Nxd4 Qb6 10. Nb3 a6 11. Be3 Qc7 12. Be2 b5 13. a3 Be6 14. Nd4 Nxd4 15. Bxd4 Rfc8 16. f4 Bc4 17. e5 Ne8 18. exd6 Bxd4+ 19. Qxd4 Nxd6 20. Bxc4 Nxc4 21. Nd5 Qa7 22. Qxa7 Rxa7 23. b3 Nd2 24. Rf2 Ne4 25. Re2 f5 26. g4 e6 27. Nb4 Kf7 28. Kg2 a5 29. Nd3 Rac7 30. Ne5+ Ke7 31. Rc1 Rc3 32. Kh2 Rxb3 33. cxb3 Rxc1 34. Re3 a4 35. bxa4 bxa4 36. Rd3 Rc2+ 37. Kg1 Rc7 38. Rd4 Nc3 39. Rd3 Ne2+ 40. Kf2 Nxf4 41. Rd4 Nxh3+ 42. Kg3 Ng5 43. Rxa4 Ke8 0-1

[Event "Wch U20 Girls 37th"]
[Site "New Delhi"]
[Date "2019.10.16"]
[Round "2"]
[White "Yaakub, Nov Genevia Pslam"]
[Black "Onur, Cigdem"]
[Result "0-1"]
[WhiteElo "1316"]
[BlackElo "1913"]
[PlyCount "100"]
[EventDate "2019.10.15"]
[EventType "swiss"]
[EventRounds "11"]
[EventCountry "IND"]
[SourceTitle "CBM 192 Extra"]
[Source "Chessbase"]
[SourceDate "2019.11.06"]
[SourceVersion "1"]
[SourceVersionDate "2019.11.06"]
[SourceQuality "1"]

1. e4 c5 2. Nf3 e6 3. d4 cxd4 4. Nxd4 a6 5. Nc3 Qc7 6. Be3 Nf6 7. Bd3 Be7 8. 0-0 d6 9. Qf3 Nbd7 10. Qg3 0-0 11. Bh6 Ne8 12. Rae1 Ne5 13. Be3 Qd8 14. Nf3 Nxd3 15. cxd3 e5 16. d4 Nf6 17. dxe5 Nh5 18. exd6 Bf6 19. Nd5 Nxg3 20. Nxf6+ Qxf6 21. e5 Qe6 22. hxg3 Qxa2 23. Bd4 Bg4 24. Nd2 Qd5 25. Bc3 Rac8 26. Ne4 Qb5 27. f3 Bf5 28. g4 Bxe4 29. Rxe4 Rc4 30. Ree1 Qc5+ 31. Kh1 b5 32. b4 Qc6 33. Bd2 Qd5 34. Be3 Qxe5 35. Bc5 Rxc5 36. Rxe5 Rxe5 37. Ra1 Ra8 38. Rc1 Rd5 39. Rc6 Rd8 40. Rxa6 R5xd6 41. Ra5 Rb8 42. Ra1 Rd4 43. Rb1 Rc8 44. Kh2 g6 45. Kg3 Rcc4 46. Re1 Rxb4 47. Re8+ Kg7 48. Re5 Rb1 49. Re2 b4 50. Kf2 Rd6 0-1